00682nam a2200193Ia 45000010006000000050017000060080041000230410008000640820016000721000032000882450154001202600009002743000029002836500008003126540008003209420025003289990017003539520118003702546020260414151151.0260414t2021||||xx |||||||||||||| ||spa|| aESP a346.51bA32 aAguado López, JoséeAUT 0a¿Qué es la buena fe en los hechos? :bun enfoque doctrinario, normativo y jurisprudencial sobre la aplicación de la buena fe en el derecho civil c2021 a574 páginas : c25 cm. aDER aCDE cLIBdJUSfJUS2ddcn c25460d25460 o346.51 A32p10743758UCSPt17052bVABaVABcPPd2026-04-14e2r2026-04-14 15:11:51l0w2026-04-14yLIB104000